| 000 | 01260nam a2200313 a 4500 | ||
|---|---|---|---|
| 001 | ebr10006806 | ||
| 003 | CaPaEBR | ||
| 006 | m u | ||
| 007 | cr cn||||||||| | ||
| 008 | 990505s2000 enka sb 001 0 eng | ||
| 010 | _z 99031357 | ||
| 020 | _z0521651816 (hardback) | ||
| 040 |
_aCaPaEBR _cCaPaEBR |
||
| 035 | _a(OCoLC)51214841 | ||
| 050 | 1 | 4 |
_aQB858.8.L63 _bV36 2000eb |
| 082 | 0 | 4 |
_a523.1/12 _221 |
| 100 | 1 |
_aVan den Bergh, Sidney, _d1929- |
|
| 245 | 1 | 4 |
_aThe galaxies of the Local Group _h[electronic resource] / _cSidney van den Bergh. |
| 260 |
_aCambridge, U.K. ; _aNew York : _bCambridge University Press, _c2000. |
||
| 300 |
_axiv, 328 p. : _bill. |
||
| 490 | 1 |
_aCambridge astrophysics series ; _v35 |
|
| 504 | _aIncludes bibliographical references (p. 295-323) and index. | ||
| 533 |
_aElectronic reproduction. _bPalo Alto, Calif. : _cebrary, _d2013. _nAvailable via World Wide Web. _nAccess may be limited to ebrary affiliated libraries. |
||
| 651 | 0 | _aLocal Group (Astronomy) | |
| 655 | 7 |
_aElectronic books. _2local |
|
| 710 | 2 | _aebrary, Inc. | |
| 830 | 0 |
_aCambridge astrophysics series ; _v35. |
|
| 856 | 4 | 0 |
_uhttp://site.ebrary.com/lib/rucke/Doc?id=10006806 _zAn electronic book accessible through the World Wide Web; click to view |
| 999 |
_c336 _d336 |
||